Central Library OPAC University of Rajshahi

Introduction to mathematical logic / (Record no. 7483)

MARC details
000 -LEADER
fixed length control field 00851cam a22002652 4500
001 - CONTROL NUMBER
control field 7483
003 - CONTROL NUMBER IDENTIFIER
rucl marc code BD-RjUL
005 - DATE AND TIME OF LATEST TRANSACTION
control field 20211208234424.0
008 - FIXED-LENGTH DATA ELEMENTS--GENERAL INFORMATION
fixed length control field 150114s1962 us 000 0 eng d
035 ## - SYSTEM CONTROL NUMBER
System control number (BD-RjUL)7527
-- OCLC ocm01152064 from D970805M
040 ## - CATALOGING SOURCE
Original cataloging agency AKR
Transcribing agency AKR
Modifying agency EQO
Language of cataloging eng
041 ## - LANGUAGE CODE
Language code of text/sound track or separate title eng
082 ## - DEWEY DECIMAL CLASSIFICATION NUMBER
Edition number 23
Classification number 160
Author mark and year CHI 1962
090 ## - LOCALLY ASSIGNED LC-TYPE CALL NUMBER (OCLC); LOCAL CALL NUMBER (OCLC)
Classification number (OCLC) (R) ; Classification number, CALL (RLIN) (NR) QA9
Local cutter number (OCLC) ; Book number/undivided call number, CALL (RLIN) .C55 1965x
100 1# - MAIN ENTRY--PERSONAL NAME
Personal name Church, Alonzo,
Dates associated with a name 1903-1995
9 (RLIN) 23369
245 10 - TITLE STATEMENT
Title Introduction to mathematical logic /
Statement of responsibility, etc. by Alonzo Church
260 ## - PUBLICATION, DISTRIBUTION, ETC. (IMPRINT)
Place of publication, distribution, etc. New Jersey :
Name of publisher, distributor, etc. Princeton University Press.,
Date of publication, distribution, etc. 1956 [Printing 1962, 1965]
300 ## - PHYSICAL DESCRIPTION
Pagination v.
Size 23 cm.
490 1# - SERIES STATEMENT
Series statement Princeton Mathematical series
504 ## - BIBLIOGRAPHY, ETC. NOTE
Bibliography, etc Includes Bibliographical foot-notes.
505 0# - FORMATTED CONTENTS NOTE
Formatted contents note Vol. 1 --
650 #0 - SUBJECT ADDED ENTRY--TOPICAL TERM
Topical term or geographic name as entry element Logic, Symbolic and mathematical.
9 (RLIN) 23370
830 #0 - SERIES ADDED ENTRY--UNIFORM TITLE
Uniform title Princeton Mathematical series
942 ## - ADDED ENTRY ELEMENTS (KOHA)
Source of classification or shelving scheme Dewey Decimal Classification
Koha item type Books
Holdings
Lost status Source of classification or shelving scheme Damaged status Not for loan Collection code Permanent Location Current Location Shelving location Date acquired Source of acquisition Cost, normal purchase price Total Checkouts Full call number Date last seen Date checked out Copy number Koha item type
  Dewey Decimal Classification     Non-fiction Central Library, University of Rajshahi Central Library, University of Rajshahi   06/03/1963 Zeitlinger 52.00 1 160 CHI V- 1 1962 27/01/2019 15/01/2019 C-2 Books
  Dewey Decimal Classification     Non-fiction Central Library, University of Rajshahi Central Library, University of Rajshahi   01/01/1968 Zeitlinger 0.00   160 CHI V-1 1965 01/09/2016   C-3 Books
  Dewey Decimal Classification   Not For Loan Non-fiction Central Library, University of Rajshahi Central Library, University of Rajshahi Reading Room 26/01/1968 Zeitlinger 52.00   160 CHI V-1 1962 04/04/2017   C-1 Books